| 000 | 01275nam a2200277Ia 4500 | ||
|---|---|---|---|
| 999 |
_c41608 _d41608 |
||
| 001 | 8277 | ||
| 003 | GE_BSU | ||
| 005 | 20240426101419.0 | ||
| 008 | 181216s2012||||ge |||||||||||||| ||geo|| | ||
| 020 | _a978-9941-15-6083 | ||
| 040 | _cGE_BSU | ||
| 041 | _ageo | ||
| 080 | _a91(072) ბ–75 | ||
| 100 |
_aბლიაძე, მაია _93279 |
||
| 245 |
_aგეოგრაფია 7 კლასი : _bმასწავლებლის წიგნი / _cმაია ბლიაძე, გია ჭანტურია, დავით კერესელიძე ; რედ. დიანა ყასუმაშვილი. |
||
| 250 | _aI-ლი გამოცემა | ||
| 264 |
_aთბილისი : _bბაკურ სულაკაურის გამ-ბა, _c2012. |
||
| 300 |
_a119 გვ. ; _c26 სმ. |
||
| 541 | _h7ლ. | ||
| 653 | _aგეოგრაფია | ||
| 653 | _aმეთოდური სახელმძღვანელოები | ||
| 700 |
_aკერესელიძე, დ. _eავტორი _9513 |
||
| 700 |
_aჭანტურია, დ. _eავტორი _921946 |
||
| 700 |
_aგორგაძე, რუსუდან _eრედაქტორი _97136 |
||
| 942 |
_cBK _2udc |
||